[Event "DEM U12w 2017"]
[Site "Willingen GER"]
[Date "2017.06.07"]
[Round "6"]
[White "Doll, Rebecca"]
[Black "Erdösi, Anna"]
[Result "1-0"]
[Termination "normal"]
[Board "11"]
[WhiteElo "1473"]
[BlackElo "1321"]
[PlyCount "103"]
[WhiteFideId "16236890"]
[BlackFideId "12993883"]
[EventCountry "GER"]
[EventRounds "11"]
[EventType "swiss"]
[EventDate "2017.06.03"]

1. e4 c5 2. c3 d6 3. d4 cxd4 4. cxd4 Nf6 5. Nc3 g6 6. Bc4 Bg7 7. Nge2 O-O 8.
O-O Nc6 9. a3 Bd7 10. Ba2 Rc8 11. d5 Ne5 12. b3 a6 13. h3 b5 14. f4 Nh5 15.
fxe5 Bxe5 16. Bh6 Bxc3 17. Nxc3 Rxc3 18. Qd4 Rc2 19. Bb1 Rc8 20. Bxf8 Qxf8 21.
Qa7 Qd8 22. Qf2 Qf8 23. Bd3 Rc3 24. Bc2 Ng3 25. Qd2 Qg7 26. Rfc1 Qe5 27. Re1 a5
28. Rac1 Kg7 29. Re3 Rxe3 30. Qxe3 f5 31. Re1 e6 32. exf5 exd5 33. Qxe5+ dxe5
34. Rxe5 Bxf5 35. Bxf5 Nxf5 36. Rxd5 Ne7 37. Rxb5 Nc6 38. Kf2 Kh6 39. Ke3 g5
40. Rb6 Kh5 41. Rxc6 h6 42. b4 axb4 43. axb4 g4 44. hxg4+ Kxg4 45. b5 h5 46. b6
h4 47. b7 Kg3 48. b8=Q+ Kxg2 49. Rg6+ Kh1 50. Qb1+ Kh2 51. Qg1+ Kh3 52. Qg2#
1-0

[Event "DEM U12w 2017"]
[Site "Willingen GER"]
[Date "2017.06.07"]
[Round "6"]
[White "Avetyan, Manan"]
[Black "Evering, Enna"]
[Result "0-1"]
[Termination "normal"]
[Board "12"]
[WhiteElo "1284"]
[BlackElo "1419"]
[PlyCount "42"]
[WhiteFideId "16244737"]
[BlackFideId "16218213"]
[EventCountry "GER"]
[EventRounds "11"]
[EventType "swiss"]
[EventDate "2017.06.03"]

1. e4 e5 2. Nf3 Nc6 3. Bc4 Nf6 4. Ng5 d5 5. exd5 Nd4 6. c3 b5 7. cxd4 bxc4 8.
Qa4+ Nd7 9. Nf3 exd4 10. O-O c5 11. Re1+ Be7 12. d6 a6 13. dxe7 Qb6 14. Qxc4
Bb7 15. Ng5 Qg6 16. d3 h6 17. b4 hxg5 18. bxc5 Qh6 19. h3 Bxg2 20. c6 Nb6 21.
Qxd4 Qxh3 0-1

[Event "DEM U12w 2017"]
[Site "Willingen GER"]
[Date "2017.06.07"]
[Round "6"]
[White "Wiemann, Vanessa"]
[Black "Derling, Charlotte"]
[Result "0-1"]
[Termination "normal"]
[Board "13"]
[WhiteElo "1305"]
[BlackElo "1073"]
[PlyCount "130"]
[WhiteFideId "12942987"]
[BlackFideId "16222237"]
[EventCountry "GER"]
[EventRounds "11"]
[EventType "swiss"]
[EventDate "2017.06.03"]

1. e4 e5 2. Nf3 Nc6 3. Bc4 Be7 4. d4 exd4 5. c3 Nf6 6. e5 Ng4 7. cxd4 d6 8. h3
Nh6 9. Bf4 Nf5 10. Nc3 dxe5 11. dxe5 Nfd4 12. O-O O-O 13. a3 Nxf3+ 14. Qxf3 Qd4
15. Qe4 Rd8 16. Rad1 Qxe4 17. Rxd8+ Bxd8 18. Nxe4 Be7 19. Nc3 Bf5 20. Rd1 Rd8
21. Rxd8+ Bxd8 22. f3 h5 23. Kf2 Kf8 24. Ke3 Ke7 25. Nd5+ Ke8 26. Kd2 Ne7 27.
Ne3 Be6 28. Bxe6 fxe6 29. g4 hxg4 30. hxg4 Ng6 31. Bg3 Bg5 32. Kd3 Kd7 33. Ng2
Kc6 34. f4 Be7 35. Kc4 b5+ 36. Kc3 Kd5 37. Kd3 c5 38. Ne3+ Kc6 39. f5 exf5 40.
gxf5 Nf8 41. Nd5 Kxd5 42. e6 g6 43. fxg6 Nxg6 44. Bb8 a6 45. Bg3 Kxe6 46. Ke4
b4 47. a4 Bd6 48. Bxd6 Kxd6 49. b3 a5 50. Kd3 Kd5 51. Ke3 Ne5 52. Kd2 Kd4 53.
Kc2 c4 54. Kb2 c3+ 55. Kc2 Nc6 56. Kc1 Kd3 57. Kb1 Kd2 58. Ka1 c2 59. Ka2 Nd4
60. Kb2 c1=Q+ 61. Ka2 Qa3+ 62. Kb1 Qxb3+ 63. Ka1 Qd3 64. Ka2 Kc1 65. Ka1 Qb1#
0-1

[Event "DEM U12w 2017"]
[Site "Willingen GER"]
[Date "2017.06.07"]
[Round "6"]
[White "Hentschel, Lena"]
[Black "Gossing, Marie-Sophie"]
[Result "1-0"]
[Termination "normal"]
[Board "14"]
[WhiteElo "1305"]
[BlackElo "1033"]
[PlyCount "87"]
[WhiteFideId "16240324"]
[BlackFideId "16217284"]
[EventCountry "GER"]
[EventRounds "11"]
[EventType "swiss"]
[EventDate "2017.06.03"]

1. e4 e5 2. Nf3 Nf6 3. Nc3 d5 4. exd5 Nxd5 5. Nxe5 Nxc3 6. bxc3 Qe7 7. Qe2 Nd7
8. Nxd7 Bxd7 9. Qxe7+ Bxe7 10. Rb1 O-O-O 11. Bc4 f5 12. O-O Rhe8 13. d4 g5 14.
Re1 Bd6 15. Bxg5 Rxe1+ 16. Rxe1 Re8 17. Rxe8+ Bxe8 18. Be6+ Bd7 19. Bxd7+ Kxd7
20. Kf1 h5 21. g3 b5 22. Ke2 a5 23. Kf3 Ke6 24. Bf4 Bxf4 25. Kxf4 b4 26. c4 Kf6
27. h3 Ke6 28. Kg5 Kd6 29. Kxh5 c5 30. d5 Ke5 31. Kg5 a4 32. h4 b3 33. cxb3
axb3 34. axb3 f4 35. gxf4+ Ke4 36. d6 Kd4 37. d7 Kc3 38. d8=Q Kxb3 39. Qd3+ Kb4
40. f5 Ka4 41. Qb1 Ka3 42. f6 Ka4 43. Qb2 Ka5 44. Qb5# 1-0

[Event "DEM U12w 2017"]
[Site "Willingen GER"]
[Date "2017.06.07"]
[Round "6"]
[White "Becker, Linda"]
[Black "Jünk, Ellen"]
[Result "1-0"]
[Termination "normal"]
[Board "15"]
[WhiteElo "1142"]
[BlackElo "1446"]
[PlyCount "69"]
[WhiteFideId "16244753"]
[BlackFideId "16206487"]
[EventCountry "GER"]
[EventRounds "11"]
[EventType "swiss"]
[EventDate "2017.06.03"]

1. e4 e5 2. Nf3 Nc6 3. d4 exd4 4. Nxd4 Bc5 5. Be3 Qf6 6. Nc3 Bxd4 7. Nd5 Qd6 8.
Bxd4 f6 9. Bc4 Nge7 10. O-O b6 11. Bc3 Bb7 12. Qh5+ Ng6 13. Rad1 Nce7 14. Rfe1
O-O-O 15. a4 Qc5 16. Qe2 Nxd5 17. exd5 Kb8 18. b4 Qf8 19. Ba6 Re8 20. Qc4 Rxe1+
21. Rxe1 Ba8 22. a5 Qd6 23. Qe2 Qf8 24. Qe4 Qf7 25. Bc4 Qf8 26. Ba6 Qf7 27. Rd1
Re8 28. Qd4 Ne5 29. d6 Qg6 30. dxc7+ Kxc7 31. Qd6+ Kd8 32. Bf1 Bc6 33. Bxe5
Rxe5 34. Qxc6 Qf7 35. axb6 1-0

[Event "DEM U12w 2017"]
[Site "Willingen GER"]
[Date "2017.06.07"]
[Round "6"]
[White "Karlinger De la Quintana, Ainhoa"]
[Black "Pflugradt, Natalie"]
[Result "1-0"]
[Termination "normal"]
[Board "16"]
[WhiteElo "1344"]
[BlackElo "1485"]
[PlyCount "107"]
[WhiteFideId "16217268"]
[BlackFideId "16212444"]
[EventCountry "GER"]
[EventRounds "11"]
[EventType "swiss"]
[EventDate "2017.06.03"]

1. b4 d5 2. Bb2 Qd6 3. a3 e5 4. e3 Nd7 5. c4 c6 6. Nc3 g6 7. cxd5 cxd5 8. Nb5
Qb8 9. Rc1 Be7 10. Nc7+ Kf8 11. Nxa8 Qxa8 12. Qc2 Nb6 13. Bxe5 f6 14. Bd4 Be6
15. Nf3 Nh6 16. Qb2 Qd8 17. Ng5 Bd7 18. Bb5 Ng8 19. Bxd7 Qxd7 20. O-O h5 21.
Rc7 Qf5 22. Nh3 g5 23. Qc2 Qxc2 24. Rxc2 Rh7 25. Bxb6 axb6 26. Rc8+ Kf7 27. Rc7
Kg6 28. Rxb7 Bd8 29. Rxh7 Kxh7 30. Rc1 Ne7 31. f4 Kg6 32. fxg5 fxg5 33. Nf2 Kf6
34. Kf1 Ke6 35. Nd3 Kd6 36. b5 Ke6 37. Nb4 Nf5 38. Nc6 Bf6 39. a4 Nd6 40. Nd4+
Kd7 41. Ke2 Nc4 42. Rc2 Be5 43. g3 g4 44. Ra2 Na5 45. Kd3 Kd6 46. e4 Bf6 47.
exd5 Kxd5 48. Nf5 Ke5 49. Ne3 Ke6 50. Nc4 Bd8 51. Nxa5 bxa5 52. Kc4 Bb6 53. d4
Kd6 54. Re2 1-0

[Event "DEM U12w 2017"]
[Site "Willingen GER"]
[Date "2017.06.07"]
[Round "6"]
[White "Schulz, Hannah"]
[Black "Gehrke, Gina Celina"]
[Result "1-0"]
[Termination "normal"]
[Board "17"]
[WhiteElo "1218"]
[BlackElo "1435"]
[PlyCount "67"]
[WhiteFideId "16244745"]
[BlackFideId "16205979"]
[EventCountry "GER"]
[EventRounds "11"]
[EventType "swiss"]
[EventDate "2017.06.03"]

1. e4 c5 2. c3 d5 3. d4 dxe4 4. Bc4 e6 5. Be3 cxd4 6. cxd4 Nf6 7. Nc3 Nc6 8.
Nge2 Bb4 9. a3 Bxc3+ 10. Nxc3 h6 11. O-O O-O 12. Rc1 Bd7 13. Qc2 Ne7 14. Nxe4
Nxe4 15. Qxe4 Bc6 16. Qg4 Ng6 17. Bxe6 Re8 18. Bc4 Re4 19. Qxg6 Qf6 20. Qxf6
gxf6 21. Rfd1 Rg4 22. d5 Bd7 23. Bxh6 Kh7 24. Be3 Rag8 25. g3 a6 26. d6 Kg7 27.
Bf1 Ba4 28. Rd2 Rd8 29. Bb6 Rh8 30. Rc7 Bc6 31. d7 Bxd7 32. Rdxd7 Kg6 33. Bd3+
f5 34. Rxf7 1-0

[Event "DEM U12w 2017"]
[Site "Willingen GER"]
[Date "2017.06.07"]
[Round "6"]
[White "Fayngold, Sophie"]
[Black "Zöllner, Bente"]
[Result "0-1"]
[Termination "normal"]
[Board "18"]
[WhiteElo "1139"]
[BlackElo "1397"]
[PlyCount "90"]
[BlackFideId "16230523"]
[EventCountry "GER"]
[EventRounds "11"]
[EventType "swiss"]
[EventDate "2017.06.03"]

1. e4 c5 2. Nf3 Nc6 3. d4 cxd4 4. Nxd4 Nf6 5. Nc3 g6 6. Be3 Bg7 7. Bc4 O-O 8.
Qd2 Ne5 9. Bb3 Qa5 10. f3 d6 11. O-O-O Bd7 12. Kb1 Qa6 13. Qf2 Nc4 14. Bg5 Na5
15. g4 Nxb3 16. Nxb3 Be6 17. h4 h6 18. Bxf6 Bxf6 19. g5 Bxc3 20. bxc3 h5 21.
Rd4 Rac8 22. Qe3 Qb6 23. f4 a5 24. Kc1 a4 25. Nd2 Bxa2 26. f5 a3 27. fxg6 fxg6
28. Kd1 Qb2 29. Ke2 Rxc3 30. Rd3 Rxc2 31. Rd1 Bc4 32. e5 Bxd3+ 33. Qxd3 Qxe5+
34. Qe3 Qxe3+ 35. Kxe3 b5 36. Kd3 Rfc8 37. Re1 Rc1 38. Rxe7 a2 39. Nb3 R1c3+
40. Ke4 Rxb3 41. Kd5 a1=Q 42. Re8+ Rxe8 43. Kc6 Qc3+ 44. Kd7 Qc8+ 45. Kxd6 Rd3#
0-1

[Event "DEM U12w 2017"]
[Site "Willingen GER"]
[Date "2017.06.07"]
[Round "6"]
[White "Yakovleva, Lara"]
[Black "Petersen, Sophie"]
[Result "0-1"]
[Termination "normal"]
[Board "19"]
[WhiteElo "944"]
[BlackElo "1498"]
[PlyCount "114"]
[WhiteFideId "16244788"]
[BlackFideId "16229380"]
[EventCountry "GER"]
[EventRounds "11"]
[EventType "swiss"]
[EventDate "2017.06.03"]

1. d4 d5 2. Nc3 Nf6 3. Bf4 a6 4. Nf3 Bf5 5. e3 e6 6. Bd3 Bg6 7. O-O Bd6 8. Bxd6
Qxd6 9. Ne5 O-O 10. Nxg6 fxg6 11. e4 Qb6 12. e5 Nh5 13. b3 Qxd4 14. Bxg6 Qxd1
15. Bxh7+ Kxh7 16. Raxd1 Nc6 17. a3 Rae8 18. Rfe1 Nf4 19. b4 Kg8 20. b5 axb5
21. Nxb5 Rc8 22. g3 Nh3+ 23. Kg2 Nxf2 24. Rd2 Ne4 25. Rde2 Nxe5 26. Rf1 c6 27.
Rxf8+ Rxf8 28. Nd6 Nxd6 29. Rxe5 Rf6 30. a4 Nc4 31. Re2 Kf7 32. h4 Kg6 33. g4
Kf7 34. g5 Rf5 35. Kg3 g6 36. Kg4 Re5 37. Rf2+ Rf5 38. Rxf5+ exf5+ 39. Kf4 Nb6
40. Ke3 Nxa4 41. Kd2 c5 42. c3 b5 43. Kd3 Nb6 44. Kc2 Nc4 45. Kd3 Ne5+ 46. Kc2
d4 47. cxd4 cxd4 48. Kb3 f4 49. Kc2 b4 50. Kd2 b3 51. Kc1 f3 52. Kb2 f2 53.
Kxb3 f1=Q 54. Kb4 Qc4+ 55. Ka3 Qb5 56. Ka2 Nc4 57. h5 Qb2# 0-1

[Event "DEM U12w 2017"]
[Site "Willingen GER"]
[Date "2017.06.07"]
[Round "7"]
[White "Dietz, Kristin"]
[Black "Oswald, Hannah"]
[Result "0-1"]
[Termination "normal"]
[Board "1"]
[WhiteElo "1733"]
[BlackElo "1502"]
[WhiteClock "00:27:04"]
[BlackClock "00:07:10"]
[PlyCount "102"]
[WhiteFideId "12993743"]
[BlackFideId "16214960"]
[EventCountry "GER"]
[EventRounds "11"]
[EventType "swiss"]
[EventDate "2017.06.03"]

1. e4 {[%clk 1:15:58]} 1... e5 {[%clk 1:15:53]} 2. Nf3 {[%clk 1:16:20]} 2...
Nc6 {[%clk 1:16:16]} 3. Bb5 {[%clk 1:16:39]} 3... Nf6 {[%clk 1:13:47]} 4. O-O {
[%clk 1:16:54]} 4... Bc5 {[%clk 1:13:05]} 5. Qe2 {[%clk 1:16:12]} 5... O-O {
[%clk 1:09:29]} 6. c3 {[%clk 1:16:28]} 6... Re8 {[%clk 1:08:16]} 7. Rd1 { [%clk
1:15:29]} 7... a6 {[%clk 1:06:57]} 8. Ba4 {[%clk 1:15:51]} 8... b5 { [%clk
1:06:44]} 9. Bb3 {[%clk 1:16:14]} 9... d6 {[%clk 1:05:10]} 10. h3 { [%clk
1:16:08]} 10... h6 {[%clk 1:00:02]} 11. d3 {[%clk 1:15:55]} 11... Bd7 { [%clk
0:57:00]} 12. Nbd2 {[%clk 1:15:51]} 12... Qe7 {[%clk 0:55:56]} 13. Nf1 { [%clk
1:15:24]} 13... Bb6 {[%clk 0:51:28]} 14. Ng3 {[%clk 1:14:23]} 14... Rad8 {[%clk
0:46:36]} 15. a4 {[%clk 1:12:31]} 15... b4 {[%clk 0:42:48]} 16. Rb1 { [%clk
1:10:14]} 16... a5 {[%clk 0:41:33]} 17. Re1 {[%clk 1:02:34]} 17... Be6 { [%clk
0:40:09]} 18. Bxe6 {[%clk 1:00:16]} 18... Qxe6 {[%clk 0:38:36]} 19. Be3 { [%clk
0:58:29]} 19... Bxe3 {[%clk 0:38:34]} 20. Qxe3 {[%clk 0:58:32]} 20... d5 {[%clk
0:36:05]} 21. exd5 {[%clk 0:55:28]} 21... Qxd5 {[%clk 0:35:27]} 22. Rbd1 {[%clk
0:52:30]} 22... Rb8 {[%clk 0:33:58]} 23. Ne4 {[%clk 0:50:49]} 23... Nxe4 {[%clk
0:32:30]} 24. dxe4 {[%clk 0:50:41]} 24... Qe6 {[%clk 0:28:51]} 25. Qc5 { [%clk
0:48:46]} 25... bxc3 {[%clk 0:26:32]} 26. Qxc3 {[%clk 0:47:42]} 26... Rb4
{[%clk 0:22:30]} 27. Rc1 {[%clk 0:46:38]} 27... Rb6 {[%clk 0:21:10]} 28. Red1 {
[%clk 0:42:52]} 28... Rc8 {[%clk 0:20:02]} 29. Rd5 {[%clk 0:42:14]} 29... f6 {
[%clk 0:19:19]} 30. Rc5 {[%clk 0:41:49]} 30... Rb3 31. Qd2 {[%clk 0:39:47]}
31... Rb6 {[%clk 0:17:41]} 32. Qc2 {[%clk 0:39:49]} 32... Nb4 {[%clk 0:17:04]}
33. Qd2 {[%clk 0:35:46]} 33... Rd6 {[%clk 0:16:51]} 34. Qc3 {[%clk 0:31:47]}
34... Nd3 {[%clk 0:16:31]} 35. Qxa5 {[%clk 0:30:02]} 35... Nxc1 {[%clk 0:16:37]
} 36. Rxc1 {[%clk 0:30:14]} 36... Rc6 {[%clk 0:15:19]} 37. Ra1 {[%clk 0:29:44]}
37... Kh7 {[%clk 0:14:07]} 38. b4 {[%clk 0:29:23]} 38... Qc4 {[%clk 0:12:11]}
39. b5 {[%clk 0:27:46]} 39... Qc3 {[%clk 0:10:01]} 40. Qxc3 {[%clk 0:27:51]}
40... Rxc3 {[%clk 0:10:27]} 41. Nd2 {[%clk 0:27:44]} 41... Ra8 {[%clk 0:09:54]}
42. Kf1 {[%clk 0:26:17]} 42... Rc5 {[%clk 0:09:31]} 43. Nb3 {[%clk 0:26:28]}
43... Rc4 {[%clk 0:09:33]} 44. a5 {[%clk 0:26:48]} 44... Rb4 {[%clk 0:09:32]}
45. Nc5 {[%clk 0:26:42]} 45... Rxb5 {[%clk 0:08:21]} 46. Ne6 {[%clk 0:26:45]}
46... Rbxa5 {[%clk 0:08:31]} 47. Rxa5 {[%clk 0:27:00]} 47... Rxa5 { [%clk
0:08:56]} 48. Nxc7 48... Ra2 {[%clk 0:07:57]} 49. Ne8 {[%clk 0:27:34]} 49...
Kg6 {[%clk 0:07:31]} 50. f3 {[%clk 0:27:15]} 50... Rc2 {[%clk 0:06:50]} 51. Kg1
{[%clk 0:27:04]} 51... Rc6 {[%clk 0:07:10]} 0-1

[Event "DEM U12w 2017"]
[Site "Willingen GER"]
[Date "2017.06.07"]
[Round "7"]
[White "Peglau, Mirjam"]
[Black "Reuter, Elisa"]
[Result "0-1"]
[Termination "normal"]
[Board "2"]
[WhiteElo "1579"]
[BlackElo "1655"]
[WhiteClock "00:30:30"]
[BlackClock "00:09:40"]
[PlyCount "132"]
[WhiteFideId "16211138"]
[BlackFideId "12995444"]
[EventCountry "GER"]
[EventRounds "11"]
[EventType "swiss"]
[EventDate "2017.06.03"]

1. e4 {[%clk 1:15:58]} 1... c5 {[%clk 1:15:56]} 2. Nf3 {[%clk 1:16:20]} 2... g6
{[%clk 1:16:20]} 3. d4 {[%clk 1:16:31]} 3... cxd4 4. Nxd4 {[%clk 1:16:54]} 4...
Bg7 {[%clk 1:17:10]} 5. Be3 {[%clk 1:17:05]} 5... Nc6 {[%clk 1:17:33]} 6. Nc3 {
[%clk 1:17:21]} 6... Nf6 {[%clk 1:17:59]} 7. f3 {[%clk 1:17:41]} 7... O-O {
[%clk 1:18:20]} 8. Bc4 {[%clk 1:18:06]} 8... Qb6 {[%clk 1:18:14]} 9. a3 { [%clk
1:18:02]} 9... d6 {[%clk 1:16:38]} 10. O-O {[%clk 1:14:13]} 10... Ng4 { [%clk
1:14:17]} 11. fxg4 {[%clk 1:13:06]} 11... Bxd4 {[%clk 1:14:15]} 12. Bxd4 {[%clk
1:11:23]} 12... Qxd4+ {[%clk 1:14:34]} 13. Qxd4 {[%clk 1:11:30]} 13... Nxd4
{[%clk 1:14:58]} 14. Nd5 {[%clk 1:05:40]} 14... Nc6 {[%clk 1:06:24]} 15. h3
{[%clk 1:04:29]} 15... Bd7 {[%clk 1:04:41]} 16. b4 {[%clk 1:03:58]} 16... Kg7
{[%clk 0:58:00]} 17. Bb3 {[%clk 0:59:16]} 17... Rae8 {[%clk 0:35:19]} 18. Rf2
{[%clk 0:57:09]} 18... Nd4 {[%clk 0:32:30]} 19. Ba2 {[%clk 0:56:52]} 19... Ba4
{[%clk 0:29:23]} 20. Raf1 {[%clk 0:52:18]} 20... e6 {[%clk 0:26:21]} 21. Nf6
{[%clk 0:50:26]} 21... Rc8 {[%clk 0:24:07]} 22. c4 {[%clk 0:49:50]} 22... Nc2
{[%clk 0:22:15]} 23. Rf3 {[%clk 0:48:04]} 23... Nd4 {[%clk 0:22:15]} 24. Rd3
{[%clk 0:45:43]} 24... e5 {[%clk 0:21:04]} 25. Nd5 {[%clk 0:45:17]} 25... b5
{[%clk 0:20:16]} 26. Ne3 {[%clk 0:36:38]} 26... Rc7 {[%clk 0:18:52]} 27. Kh2
{[%clk 0:36:09]} 27... bxc4 {[%clk 0:18:04]} 28. Bxc4 {[%clk 0:35:41]} 28...
Rfc8 {[%clk 0:17:28]} 29. Ba6 {[%clk 0:30:06]} 29... Rc3 {[%clk 0:15:29]} 30.
Nd5 {[%clk 0:29:13]} 30... Rxd3 {[%clk 0:15:15]} 31. Bxd3 {[%clk 0:29:40]}
31... Bd7 {[%clk 0:10:12]} 32. Bb1 {[%clk 0:20:44]} 32... Be6 {[%clk 0:10:02]}
33. Rd1 {[%clk 0:18:30]} 33... Bxd5 {[%clk 0:09:51]} 34. exd5 {[%clk 0:18:59]}
34... Rc3 {[%clk 0:09:39]} 35. Rd3 {[%clk 0:19:07]} 35... Rc1 {[%clk 0:09:55]}
36. Ba2 {[%clk 0:19:02]} 36... Rc2 {[%clk 0:10:22]} 37. Bb3 {[%clk 0:18:23]}
37... Nxb3 {[%clk 0:10:16]} 38. Rxb3 {[%clk 0:18:52]} 38... Rd2 {[%clk 0:10:36]
} 39. Kg3 {[%clk 0:19:08]} 39... Rxd5 {[%clk 0:10:43]} 40. Kf3 {[%clk 0:19:19]}
40... f5 {[%clk 0:10:41]} 41. gxf5 {[%clk 0:19:28]} 41... gxf5 {[%clk 0:11:05]}
42. Rc3 {[%clk 0:19:18]} 42... Kf6 {[%clk 0:10:15]} 43. g4 {[%clk 0:19:25]}
43... fxg4+ {[%clk 0:10:31]} 44. Kxg4 {[%clk 0:19:25]} 44... Kg6 45. Rf3 45...
Rd4+ {[%clk 0:10:39]} 46. Kg3 {[%clk 0:19:47]} 46... h5 {[%clk 0:08:49]} 47.
Kf2 {[%clk 0:19:55]} 47... d5 {[%clk 0:06:02]} 48. Ke3 {[%clk 0:18:52]} 48...
Re4+ {[%clk 0:04:48]} 49. Kd3 {[%clk 0:19:06]} 49... Rh4 {[%clk 0:02:18]} 50.
Kc3 Rc4+ 51. Kb3 {[%clk 0:18:56]} 51... Rh4 {[%clk 0:01:10]} 52. Kc3 { [%clk
0:34:10]} 52... Kg5 53. b5 53... d4+ {[%clk 0:13:00]} 54. Kc4 { [%clk 0:32:54]}
54... d3+ {[%clk 0:13:04]} 55. Kc3 {[%clk 0:32:52]} 55... e4 { [%clk 0:13:24]}
56. Re3 56... Kf4 {[%clk 0:11:12]} 57. Kd2 {[%clk 0:32:27]} 57... Ke5 {[%clk
0:11:08]} 58. Kc3 {[%clk 0:31:04]} 58... Rf4 {[%clk 0:09:51]} 59. Rg3 {[%clk
0:30:22]} 59... Rf2 60. Rg5+ {[%clk 0:30:26]} 60... Kf4 { [%clk 0:09:37]} 61.
Rxh5 {[%clk 0:30:26]} 61... Ke3 {[%clk 0:09:06]} 62. Rd5 62... Rc2+ {[%clk
0:09:10]} 63. Kb3 {[%clk 0:30:40]} 63... Rc1 {[%clk 0:09:02]} 64. Rg5 {[%clk
0:30:16]} 64... d2 {[%clk 0:09:19]} 65. Rg3+ {[%clk 0:30:16]} 65... Kd4 {[%clk
0:09:22]} 66. Rg8 {[%clk 0:30:30]} 66... d1=Q+ {[%clk 0:09:40] } 0-1

[Event "DEM U12w 2017"]
[Site "Willingen GER"]
[Date "2017.06.07"]
[Round "7"]
[White "Butenandt, Svenja"]
[Black "Orlova, Alicia"]
[Result "1/2-1/2"]
[Termination "normal"]
[Board "3"]
[WhiteElo "1473"]
[BlackElo "1452"]
[WhiteClock "00:07:51"]
[BlackClock "00:19:14"]
[PlyCount "90"]
[WhiteFideId "12993859"]
[BlackFideId "34154563"]
[EventCountry "GER"]
[EventRounds "11"]
[EventType "swiss"]
[EventDate "2017.06.03"]

1. e4 {[%clk 1:15:59]} 1... e5 {[%clk 1:15:53]} 2. Nf3 {[%clk 1:16:25]} 2...
Nc6 {[%clk 1:16:13]} 3. Nc3 {[%clk 1:16:51]} 3... Nf6 {[%clk 1:16:21]} 4. a3 {
[%clk 1:17:16]} 4... h6 {[%clk 1:14:02]} 5. d4 {[%clk 1:17:29]} 5... exd4 {
[%clk 1:13:45]} 6. Nxd4 {[%clk 1:17:53]} 6... Bc5 {[%clk 1:13:48]} 7. Be3 {
[%clk 1:18:05]} 7... Bb6 {[%clk 1:13:28]} 8. f3 {[%clk 1:13:45]} 8... O-O {
[%clk 1:12:03]} 9. Qd2 {[%clk 1:13:05]} 9... Nxd4 {[%clk 1:10:22]} 10. Bxd4 {
[%clk 1:13:25]} 10... d6 {[%clk 1:09:25]} 11. O-O-O {[%clk 1:12:43]} 11... Bd7
{[%clk 1:08:16]} 12. g4 {[%clk 1:11:30]} 12... Nh7 {[%clk 1:05:46]} 13. h4 {
[%clk 1:05:12]} 13... Bxd4 {[%clk 1:04:25]} 14. Qxd4 {[%clk 1:05:32]} 14... Qf6
{[%clk 1:04:42]} 15. Qe3 {[%clk 0:55:47]} 15... Bc6 {[%clk 0:55:34]} 16. Bb5 {
[%clk 0:53:14]} 16... Rfe8 {[%clk 0:51:10]} 17. Rdf1 {[%clk 0:42:49]} 17... a6
{[%clk 0:46:35]} 18. Bxc6 {[%clk 0:39:59]} 18... bxc6 {[%clk 0:46:55]} 19. f4 {
[%clk 0:35:04]} 19... Qe6 {[%clk 0:42:05]} 20. g5 {[%clk 0:32:36]} 20... f5 {
[%clk 0:38:43]} 21. gxh6 {[%clk 0:28:28]} 21... Qxh6 {[%clk 0:37:38]} 22. Qf3 {
[%clk 0:26:29]} 22... fxe4 {[%clk 0:36:12]} 23. Nxe4 {[%clk 0:26:48]} 23... Qe6
{[%clk 0:31:47]} 24. Ng5 {[%clk 0:21:19]} 24... Qe3+ {[%clk 0:31:11]} 25. Qxe3
{[%clk 0:21:30]} 25... Rxe3 {[%clk 0:31:33]} 26. Re1 {[%clk 0:20:07]} 26...
Rae8 {[%clk 0:31:32]} 27. Kd2 {[%clk 0:17:33]} 27... Rxe1 {[%clk 0:31:04]} 28.
Rxe1 {[%clk 0:17:58]} 28... Rxe1 {[%clk 0:31:25]} 29. Kxe1 {[%clk 0:18:22]}
29... Nxg5 {[%clk 0:31:24]} 30. hxg5 {[%clk 0:18:14]} 30... Kf7 {[%clk 0:31:35]
} 31. f5 {[%clk 0:17:17]} 31... d5 {[%clk 0:31:25]} 32. Ke2 {[%clk 0:17:09]}
32... c5 {[%clk 0:30:01]} 33. b4 {[%clk 0:15:48]} 33... cxb4 {[%clk 0:27:35]}
34. axb4 {[%clk 0:16:11]} 34... Ke8 {[%clk 0:26:10]} 35. Kd3 {[%clk 0:14:49]}
35... Kd7 {[%clk 0:24:53]} 36. Kd4 {[%clk 0:12:33]} 36... Kd6 {[%clk 0:24:19]}
37. c3 {[%clk 0:12:22]} 37... c6 {[%clk 0:24:04]} 38. f6 {[%clk 0:12:38]} 38...
gxf6 {[%clk 0:23:50]} 39. gxf6 {[%clk 0:12:41]} 39... Ke6 {[%clk 0:23:51]} 40.
c4 {[%clk 0:08:42]} 40... dxc4 {[%clk 0:18:50]} 41. Kxc4 {[%clk 0:09:07]} 41...
Kxf6 {[%clk 0:18:46]} 42. Kc5 {[%clk 0:09:32]} 42... Ke5 {[%clk 0:18:33]} 43.
Kxc6 {[%clk 0:07:24]} 43... Kd4 {[%clk 0:18:40]} 44. Kb6 {[%clk 0:07:38]} 44...
Kc4 {[%clk 0:18:52]} 45. Kxa6 {[%clk 0:07:51]} 45... Kxb4 {[%clk 0:19:14]}
1/2-1/2